000 00375nam a2200121 4500
999 _c9825
_d9825
008 180718b ||||| |||| 00| 0 eng d
100 _929073
_aCelestino, Chryssa
245 _aHow technology can give you your youth back/
_cChryssa Celestino
260 _aPhilippines
_bPhilippine Daily Inquirer
_cc2016
300 _apage D4.
650 0 _929074
_aTechnology.
942 _2ddc
_cPER